| 000 | 00959nam a2200229Ia 4500 | ||
|---|---|---|---|
| 003 | OSt | ||
| 005 | 20200805153521.0 | ||
| 008 | 191128t1999 ck fr 000 0 spa d | ||
| 040 |
_aCO-JMCR _cCO-JMCR |
||
| 041 | 0 | _aspa | |
| 082 | 0 | 4 |
_a343.09026 / _bE558r _223 |
| 110 | 2 |
_aEmpresas Públicas de Medellín E.S.P _98465 |
|
| 245 | 1 | 0 |
_aReforma a la administración pública : _bservicios públicos domiciliarios / _cEmpresas Públicas de Medellín E.S.P |
| 260 |
_aMedellín : _bDike, _c©1999 |
||
| 300 |
_a349 páginas ; _c24 cm. |
||
| 490 | 0 | _aBiblioteca Jurídica Diké | |
| 505 | 0 | _aLey 489 de diciembre 29 de 1998 -- Decreto 1122 de junio 26 de 1999 -- Decreto 1130 de junio 29 de 1999 -- Decreto1141 de junio 29 de 1999 -- Decreto 1165 de junio 29 de 1999 -- Decreto 1180 de junio 29 de 1999 | |
| 650 | 1 | 4 |
_aAdministración pública _98466 |
| 650 | 1 | 4 |
_aReforma servicios públicos _98467 |
| 650 | 1 | 4 |
_aServicios públicos _98468 |
| 942 |
_2ddc _cBK |
||
| 999 |
_c5909 _d5909 |
||